000 00436 a2200157 4500
005 20260407151913.0
008 260407b |||||||| |||| 00| 0 eng d
020 _a9789364875769
080 _aFM
_bBIN/S
100 _aBineesh Puthuppanam
245 _aSundarajeevitham(സുന്ദരജീവിതം)
260 _bD C books
_aKottayam
_c2025
300 _a128p.
653 _aFiction-Novel-Malayalam Literature
942 _cBK
999 _c115255
_d115254